| 000 | 00645nam a2200229u 4500 | ||
|---|---|---|---|
| 001 | 20354 | ||
| 003 | BD-RjUL | ||
| 005 | 20211209000544.0 | ||
| 008 | 140227s1962 enk 000 1 eng | ||
| 035 | _a(BD-RjUL)20416 | ||
| 040 |
_aDLC _cCarP _dBD-RjUL _beng |
||
| 041 | _aeng | ||
| 082 | 0 | 4 |
_a823.008 _bTUA 1962 |
| 100 | 1 |
_aTuohy, Frank _d1925- _962743 |
|
| 245 | 1 | 4 |
_aThe admiral and the nuns : _bwith other stories / _cFrank Tuohy |
| 260 |
_aLondon : _bMacmillan & co Ltd., _cc1962. |
||
| 300 |
_aix, 211 p. ; _c21 cm. |
||
| 650 |
_aEnglish fiction. _962744 |
||
| 942 |
_2ddc _cBK |
||
| 999 |
_c20354 _d20354 |
||